| 000 | 00989nam a2200253Ia 4500 | ||
|---|---|---|---|
| 003 | OSt | ||
| 005 | 20220923212757.0 | ||
| 006 | a|||||r|||| 00| 0 | ||
| 007 | ta | ||
| 008 | 220922b |||||||| |||| 00| 0 hin d | ||
| 024 | _a155,752 | ||
| 037 | _cTextual | ||
| 040 |
_aARTS _cARTS _bhin |
||
| 041 |
_2hin _ahin |
||
| 082 | _aO1520m35,1(Q22):g, K8 | ||
| 100 |
_aरामनाथन्, के0 _9162380 |
||
| 245 | 0 |
_aहिन्दी और तेलुगू वैष्णव भक्ति साहिव्य _b 15 वी एवं 16 वी शती ई |
|
| 246 | _aHindī aur telugū vaiṣhṇav bhakti sāhivya: 15 vī evan 16 vī shatī ī0 | ||
| 260 |
_aआगरा _b विनोद पुस्तक मन्दिर _c1968 |
||
| 300 |
_a471 पृ. _ccm. |
||
| 650 |
_aहिन्दी साहित्य _9156264 |
||
| 942 |
_hO1520m35,1(Q22):g, K8 _cTEXL _2CC |
||
| 999 |
_c311220 _d311220 |
||